000 01067naa a2200253 a 4500
005 20160922142848.0
008 160922s2016 ck gr 000 0 spa d
020 _a9789585842786
040 _aCO-BoUCM
_bspa
_cEdgar Pinilla
_dEdgar Pinilla
041 0 _aspa
100 1 _aTrujillo González, José Saúl
_976046
245 1 3 _aEl acto administrativo
_bperspectivas desde la Ley 1437 de 2011 y el desarrollo constitucional colombiano
_cJosé Saúl Trujillo González ; prólogo Jarvey Rincón Ríos
260 _aSabaneta (Antioquia, Colombia)
_bFondo Editorial Unisabaneta
_c2016
300 _a154 páginas
504 _aIncluye referencias bibliográficas
650 0 4 _aDerecho fiscal
_912769
650 0 4 _aDerecho administrativo
_912695
650 0 4 _aActos administrativos
_xLegislación
_zColombia
_980417
650 0 4 _aFunción pública
_xLegislación
_zColombia
_980418
690 0 _aDerecho administrativo
_912695
700 1 _aRincón Ríos, Jarvey
_eprólogo
_980419
942 _cLIBRO
_2DEWEY
_a8
_e1
_h344.3
_mT866
999 _c304720
_d304720